2: Statistical appendix /

সংরক্ষণ করুন:
গ্রন্থ-পঞ্জীর বিবরন
প্রধান লেখক: Bell, Alan P. (লেখক)
বিন্যাস: গ্রন্থ
ভাষা:ইংরেজি
প্রকাশিত: Bloomington : Indiana University press, 1981
ট্যাগগুলো: ট্যাগ যুক্ত করুন
কোনো ট্যাগ নেই, প্রথমজন হিসাবে ট্যাগ করুন!

MARC

LEADER 00000nam a22000007ib4500
001 IT\ICCU\UTO\1396400
003 ItRI
005 20240312193305.0
008 210527s1981 xxu|||||| ||||| |||||c
040 |b ita  |c GP 
041 7 |a eng  |2 ISO-639-2 
100 1 |a Bell, Alan P.  |0 IT\ICCU\SBLV\111989  |4 aut 
245 1 3 |a 2: Statistical appendix /  |c Alan P. Bell, Martin S. Weinberg, Sue Kiefer Hammersmith. 
260 |a Bloomington :  |b Indiana University press,  |c 1981 
300 |a XIV, 321 p. ;  |c 24 cm. 
773 0 |w IT\ICCU\UTO\1396396  |t Sexual preference  |g 2  |a Bell, Alan P.  |0 IT\ICCU\SBLV\111989 
942 |2 ddc  |c BK 
952 |0 0  |1 0  |2 ddc  |4 0  |6 810_000000000000000_BEL  |7 1  |9 1016  |a RM  |b RM  |d 2024-03-12  |l 0  |o 810 BEL  |p 525  |r 2024-03-12 19:33:33  |w 2024-03-12  |y BK 
981 1 |6 z01  |a i   |b xxxe  
982 1 |6 z01  |a n 
999 |c 927  |d 927